Principles of economics (Record no. 214621)

MARC details
000 -LEADER
fixed length control field 00468nam a2200205Ia 4500
003 - CONTROL NUMBER IDENTIFIER
control field OSt
005 - DATE AND TIME OF LATEST TRANSACTION
control field 20250627140806.0
008 - FIXED-LENGTH DATA ELEMENTS--GENERAL INFORMATION
fixed length control field 210719s1997 xx 000 0 und d
040 ## - CATALOGING SOURCE
Transcribing agency AL
041 ## - LANGUAGE CODE
Language code of text/sound track or separate title eng
082 ## - DEWEY DECIMAL CLASSIFICATION NUMBER
Classification number 330 SETP
100 ## - MAIN ENTRY--PERSONAL NAME
Personal name Seth M L
9 (RLIN) 216270
245 ## - TITLE STATEMENT
Title Principles of economics
250 ## - EDITION STATEMENT
Edition statement 32
260 ## - PUBLICATION, DISTRIBUTION, ETC.
Place of publication, distribution, etc. Agra
Name of publisher, distributor, etc. Lakshmi Narain Agarwal
Date of publication, distribution, etc. 1997
300 ## - PHYSICAL DESCRIPTION
Extent 711
Other physical details PB
365 ## - TRADE PRICE
Price amount 175
Currency code Rs
650 ## - SUBJECT ADDED ENTRY--TOPICAL TERM
Topical term or geographic name entry element Economics
9 (RLIN) 216271
942 ## - ADDED ENTRY ELEMENTS (KOHA)
Source of classification or shelving scheme Dewey Decimal Classification
Koha item type Book
Holdings
Withdrawn status Lost status Source of classification or shelving scheme Damaged status Not for loan Collection code Home library Current library Shelving location Date acquired Cost, normal purchase price Total Checkouts Full call number Barcode Date last seen Price effective from Koha item type
    Dewey Decimal Classification     Economics St Aloysius Library St Aloysius Library Stack Section 07/19/2021 175.00   330 SETP D03234 07/19/2021 07/19/2021 Donated Books